00330pab a2200121 454500008004000000100001700040245006600057260000900123300001400132362000800146650002400154773003000178180718b2006 xxu||||| |||| 00| 0 eng d aHudson, John aInequality and the knowledge economy: running to stand still? c2006 ap.207-22. aApr aIncome distribution aSocial Policy and Science